Catálogo
 En Linea

El padre Billini : (Registro nro. 29070)

Detalles MARC
000 -CABECERA
campo de control de longitud fija 00485nam a2200157 a 4500
001 - NÚMERO DE CONTROL
campo de control 000029578
005 - FECHA Y HORA DE LA ÚLTIMA TRANSACCIÓN
campo de control 20200930055642.0
008 - DATOS DE LONGITUD FIJA--INFORMACIÓN GENERAL
campo de control de longitud fija 110419s1983 dr ac 000 0 spa d
040 ## - FUENTE DE LA CATALOGACIÓN
Centro catalogador/agencia de origen DO-SdBNP
Lengua de catalogación spa
Centro/agencia transcriptor BNPHU
082 ## - NÚMERO DE LA CLASIFICACIÓN DECIMAL DEWEY
Número de clasificación xxx
Número de documento/Ítem B598A
049 ## - FONDOS LOCALES (OCLC)
Fondos de biblioteca BNPD
100 1# - ENTRADA PRINCIPAL--NOMBRE DE PERSONA
Nombre de persona Adamés, Roque,
Numeración 1928-2009
9 (RLIN) 56409
245 10 - MENCIÓN DE TÍTULO
Título El padre Billini :
Resto del título lección permanente /
Mención de responsabilidad, etc. Monseñor Roque Adamés.
260 ## - PUBLICACIÓN, DISTRIBUCIÓN, ETC.
Lugar de publicación, distribución, etc. Santo Domingo :
Nombre del editor, distribuidor, etc. Loteria Nacional,
Fecha de publicación, distribución, etc. [1983?].
300 ## - DESCRIPCIÓN FÍSICA
Extensión 16 p. :
Otras características físicas il., retr. ;
Dimensiones 21 cm.
Existencias
Estado de retiro Estado de pérdida Restricciones de uso No para préstamo Código de colección Localización permanente Ubicación/localización actual Ubicación en estantería Fecha de adquisición Número de inventario Total de préstamos Signatura topográfica completa Código de barras Fecha visto por última vez Número de copia Precio válido a partir de Tipo de ítem Koha
        Dominicana de Servicio General General En catalogación 12.07.2011 LF1   xxx B598A 29578-30 25.06.2020 e. 3 25.06.2020 Libro y Folleto Colección Dominicana de Servicio
        Dominicana de Servicio General General En catalogación 23.02.2012 LF1   xxx B598A 29578-40 25.06.2020 e. 4 25.06.2020 Libro y Folleto Colección Dominicana de Servicio
        Patrimonio Dominicano Patrimonio Dominicano Patrimonio Dominicano Depósito 19.04.2011 LF1   xxx B598A 29578-10 25.06.2020   25.06.2020 Libro y Folleto Colección Patrimonio Dominicano
      Excluido de préstamo Patrimonio Dominicano Patrimonio Dominicano Patrimonio Dominicano En catalogación 19.04.2011 LF1   xxx B598A 29578-20 25.06.2020 e. 2 25.06.2020 Libro y Folleto Colección Patrimonio Dominicano

Con tecnología Koha